PHARMACEUTICAL ANALYSIS IV (Record no. 5835)

MARC details
000 -LEADER
fixed length control field 00404nam a22001577a 4500
005 - DATE AND TIME OF LATEST TRANSACTION
control field 20230118105959.0
008 - FIXED-LENGTH DATA ELEMENTS--GENERAL INFORMATION
fixed length control field 190427b xxu||||| |||| 00| 0 eng d
020 ## - INTERNATIONAL STANDARD BOOK NUMBER
ISBN 978-93-5164-675-4
041 ## - LANGUAGE CODE
Language code of text/sound track or separate title eng
100 ## - MAIN ENTRY--AUTHOR NAME
Personal name SAYARE, DR. A.S. AND OTHERS
245 ## - TITLE STATEMENT
Title PHARMACEUTICAL ANALYSIS IV
260 ## - PUBLICATION, DISTRIBUTION, ETC. (IMPRINT)
Place of publication PUNE
Name of publisher NIRALI PRAKASHAN
300 ## - PHYSICAL DESCRIPTION
Number of Pages B.1 p,
650 ## - SUBJECT ADDED ENTRY--TOPICAL TERM
Topical Term PHARMACY
General subdivision D.PHARMA
942 ## - ADDED ENTRY ELEMENTS (KOHA)
Koha item type Books
Holdings
Lost status Damaged status Collection code Home library Current library Shelving location Date acquired Source of acquisition Cost, normal purchase price Accession Number Koha item type
    Reference JRU Library JRU Library Shelf - 21- F 27/04/2019 PURCHESS 135.00 22695 Books
    PHARMACY JRU Library JRU Library Shelf - 21- F 27/04/2019 PURCHESS 135.00 22696 Books
    PHARMACY JRU Library JRU Library Shelf - 21- F 27/04/2019 PURCHESS 135.00 22697 Books